00861nam a22002297a 450000500170000001000150001702000270003203500140005903700090007308200160008210000290009824501160012725000060024326000450024927000570029430000220035170000270037370000280040094200270042899900190045595201570047420241010170100.0 aENG-142085 a9788186772669c1100.00 aEN-125617 bDBAD a616.120621 aPaliwal, Anshika 972626 aCauses of Heart Diseases and Their Preventive Measures/cBy Anshika Paliwal; Neelma Kumwar [and] Anjana Fellows a1 aNew DelhibNew Academic Publishersc2014 a4760-61/23, Ansari Road DaryaganjbNew Delhie110002 ax,182p.c22cm(Hb) aKumwar, Neelma 972627 aFellows, Anjana 972628 2ddccENmPALh616.1206 c206287d206287 001040708NFICaLbLd2024-10-10eDelivery of Books Act Divisiong1100.00l0oPAL 616.1206pEN-125617r2024-10-10 00:00:00t1v1100.00w2024-10-10yEN